Miasta prezydenckie w Polsce - nagła śmierć - Statystyki

Ogólne statystyki
  • Ten quiz został rozwiązany 106 razy
  • Średni wynik to 17 z 35
Answers on the Grid
Answers color-coded by a green-red scale on the quiz's grid according to % correct below.
Bielsko-Biała
Bydgoszcz
Chełm
Chełmno
Chojnice
Chorzów
Ciechanów
Cieszyn
Ełk
Gdańsk
Gdynia
Gniezno
Gorzów Wielkopolski
Grodzisk Wielkopolski
Grójec
Jarosław
Knurów
Koło
Konin
Kraków
Leszno
Łódź
Mińsk Mazowiecki
Mrągowo
Nowa Sól
Nowy Targ
Oleśnica
Olkusz
Opole
Ostrołęka
Ostrów Mazowiecka
Oświęcim
Parczew
Piła
Pruszcz Gdański
Radomsko
Radzymin
Rybnik
Słupsk
Sopot
Starogard Gdański
Szczecin
Świnoujście
Tarnów
Tczew
Toruń
Wąchock
Warszawa
Wejherowo
Wieliczka
Wodzisław Śląski
Wołomin
Wrocław
Żnin
Żyrardów
 
Statystyki odpowiedzi
Odpowiedź % Poprawnych
Bydgoszcz
85%
Łódź
81%
Gdańsk
78%
Gdynia
78%
Kraków
78%
Warszawa
76%
Wrocław
76%
Bielsko-Biała
70%
Toruń
69%
Chorzów
67%
Opole
67%
Sopot
65%
Szczecin
65%
Słupsk
63%
Gniezno
61%
Gorzów Wielkopolski
61%
Rybnik
56%
Chełm
52%
Konin
50%
Świnoujście
46%
Tarnów
44%
Leszno
41%
Piła
41%
Ciechanów
33%
Starogard Gdański
30%
Ełk
28%
Ostrołęka
28%
Wodzisław Śląski
24%
Tczew
22%
Nowa Sól
15%
Oświęcim
15%
Radomsko
15%
Wejherowo
13%
Żyrardów
9%
Knurów
7%
Nie znaleziono quizów pasujących do podanych kryteriów
Rozkład punktacji
Procent ludzi z każdym wynikiem
Percentyl według liczby udzielonych odpowiedzi
Twoja historia wyników
Nie rozwiązałeś tego quizu